| 000 | 00664nam a2200193 a 4500 | ||
|---|---|---|---|
| 005 | 20240323063637.0 | ||
| 008 | 991125s1937 mx 000 0 spa u | ||
| 035 | _aUPN01000046565 | ||
| 049 | _aCE | ||
| 050 | 4 |
_aLC5148 _bT6.6 |
|
| 100 | 1 |
_aTorres, Elena _951330 |
|
| 245 | 1 | 3 |
_aEl problema de la educación rural en los países de América y los centros de cultura superior / _cElena Torres. |
| 260 |
_a[S.l.] : _bCultura, _c1937. |
||
| 300 | _a13 p. | ||
| 500 | _a"Ponencia presentada ante la III Conferencia Interamericana de Educación" | ||
| 500 | _aDisponible en la Colección Medina | ||
| 650 | 4 |
_aEducación rural _vCongresos _914355 |
|
| 905 | _aLibro | ||
| 999 |
_c46565 _d46565 |
||